Horror stories (Registro nro. 9145)
[ vista simple ]
| 000 -Cabecera | |
|---|---|
| Campo de control de longitud fija | 00496nam a22002057a 4500 |
| 005 - Fecha y hora de la última transacción | |
| Campo de control | 20240726112705.0 |
| 008 - Elementos de longitud fija--Información general | |
| Campo de control de longitud fija | 161011b xxu||||| |||| 00| 0 spa d |
| 020 ## - International Standard Book Number | |
| Número Internacional Estándar del Libro (ISBN) | 9788494543876 |
| 041 ## - Idioma | |
| Código de idioma | Inglés |
| 082 s# - Clasificación Decimal Dewey | |
| Número de clasificación | 813.3 P473h |
| 100 ## - Entrada principal--Autor personal | |
| Nombre personal | Poe, Edgar Allan |
| 9 (RLIN) | 2340 |
| 245 ## - Título propiamente dicho | |
| Título | Horror stories |
| 260 ## - Pie de imprenta | |
| Lugar de publicación, distribución, etc. | España |
| 260 ## - Pie de imprenta | |
| Nombre del editor, distribuidor, etc. | Plutón Ediciones |
| 260 ## - Pie de imprenta | |
| Fecha de publicación, distribución, etc. | 2016 |
| 300 ## - Descripción física | |
| Extensión | 125 páginas |
| 650 ## - Materia general | |
| Temática (materia general) | LITERATURA ESTADOUNIDENSE |
| 650 ## - Materia general | |
| Temática (materia general) | NOVELA ESTADOUNIDENSE |
| 942 ## - Punto de acceso adicional KOHA | |
| Tipo de ítem KOHA | Literatura |
| Fuente del sistema de clasificación o colocación | Dewey Decimal Classification |
| Signatura completa | Código de barras | Tipo de ítem |
|---|---|---|
| 813.3 P473h | 21793 | Literatura |